Statistics for Rivers Through Capitals (Europe)

Click here to take the quiz!

General Stats

  • This quiz has been taken 28 times
  • The average score is 13 of 40

Answer Stats

HintAnswer% Correct
UkThames
100%
FranceSeine
96%
Austria/Serbia/Hungary/SlovakiaDanube
85%
UkraineDnieper
74%
LiechtensteinRhine
74%
Italy/Vatican CityTiber
74%
GermanySpree
70%
PolandVistula
70%
PortugalTagus
59%
The NetherlandsAmstel
56%
IrelandLiffey
56%
RussiaMoskva
52%
CzechiaVltava
44%
CroatiaSava
41%
LatviaDaugava
33%
BelgiumSenne
30%
SwitzerlandAare
26%
LuxembourgAlzette
26%
North MacedoniaVardar
19%
SloveniaLjubljanica
15%
FinlandVantaa
15%
RomaniaDambovita
11%
BulgariaIskar
11%
Bosnia & HerzegovinaMiljacka
11%
MontenegroMoraca
11%
CyprusPedieos
11%
EstoniaPirita
11%
BelarusSvislac
11%
NorwayAkerselva
7%
San MarinoAusa
7%
MoldovaBac
7%
AndorraGran Valira
7%
GreeceIlisos
7%
KosovoNerodimka
7%
DenmarkNyhavn
7%
SpainRio Manzanares
7%
SwedenSoderstrom
7%
IcelandThjors
7%
AlbaniaTirane
7%
LithuaniaViliya
7%

Score Distribution

Percentile by Number Answered

Percent of People with Each Score

Your Score History

You have not taken this quiz